banner koha

Sistemas de preparo do solo para a cultura da beterraba acucareira em planossolo na regiao de Pelotas [Beta vulgaris, Rio Grande do Sul, Brasil] (Registro n. 115850)

MARC details
000 -LÍDER
campo de controle de tamanho fixo 01089nas a2200301 4500
001 - NÚMERO DE CONTROLE
campo de controle BR8500120
003 - IDENTIFICADOR DO NÚMERO DE CONTROLE
campo de controle BR-BrBNA
005 - DATA E HORÁRIO DA ÚLTIMA TRANSAÇÃO
campo de controle 20231205090044.0
007 - CAMPO FIXO DE DESCRIÇÃO FÍSICA--INFORMAÇÃO GERAL
campo de controle de tamanho fixo ta
008 - CAMPO DE DADOS FIXOS--INFORMAÇÃO GERAL
campo de controle de tamanho fixo 230509b bl.|||p| |||| 00| 00por d
040 ## - FONTE DA CATALOGAÇÃO
Instituição da catalogação original BR-BrBNA
Idioma da catalogação por
Instituição que transcreveu o registro Biblioteca Nacional de Agricultura
041 ## - CÓDIGO DE IDIOMA
Código do idioma do texto/trilha sonora ou título diferente (Pt)
072 ## - CÓDIGO DE CATEGORIA DE ASSUNTO
Código de Categoria de Assunto F27; F22
100 1# - ENTRADA PRINCIPAL--NOME PESSOAL
Nome pessoal Turatti, A.L.
100 1# - ENTRADA PRINCIPAL--NOME PESSOAL
Nome pessoal Vahl, L.C.
100 1# - ENTRADA PRINCIPAL--NOME PESSOAL
Nome pessoal Pauletto, E.A.
111 1# - ENTRADA PRINCIPAL--NOME DO EVENTO
Nome do evento ou lugar 2. Reuniao da Beterraba Acucareira
Local do evento Pelotas, RS (Brazil)
Data do evento ou assinatura do tratado 2 Aug 1983
245 1# - TÍTULO
Título Sistemas de preparo do solo para a cultura da beterraba acucareira em planossolo na regiao de Pelotas [Beta vulgaris, Rio Grande do Sul, Brasil]
246 1# - FORMA VARIANTE DO TÍTULO
Título/título abreviado [Soil preparation systems for sugar beet in a planosol of Pelotas [Beta vulgaris, Rio Grande do Sul, Brazil]]
650 ## - ASSUNTO--TERMO TÓPICO
Cabeçalho tópico ou nome geográfico BETERRABA ACUCAREIRA
650 ## - ASSUNTO--TERMO TÓPICO
Cabeçalho tópico ou nome geográfico CULTIVO DO SOLO
650 ## - ASSUNTO--TERMO TÓPICO
Cabeçalho tópico ou nome geográfico FISICA DO SOLO
650 ## - ASSUNTO--TERMO TÓPICO
Cabeçalho tópico ou nome geográfico PELOTAS
650 ## - ASSUNTO--TERMO TÓPICO
Cabeçalho tópico ou nome geográfico RIO GRANDE DO SUL
773 0# - ENTRADA ANALÍTICA
Título Agros (Brazil)
ISSN - International Standard Serial Number ISSN 0365-2742
Partes relacionadas (1983), v. 18(1-4) p. 121-129
Número de controle do registro BR8500120
909 ## -
-- 202311
-- Lúcia
-- 55
-- Lúcia Elande
942 ## - ELEMENTOS DE ENTRADA ADICIONADOS (KOHA)
Fonte da classificação ou esquema de arquivamento na estante Classificação AGRIS
Ocultar no OPAC Não
Tipo de material Koha Analítica
Exemplares
Situação do descarte Fonte da classificação ou esquema de arquivamento na estante Situação física Não pode ser emprestado Biblioteca de origem Biblioteca atual Localização na estante Enumeração do periódico / cronologia Total de empréstimos Data de último acesso Número do exemplar Tipo de material Koha Fonte de aquisição
  Classificação AGRIS   Consulta local Biblioteca Nacional de Agricultura - Binagri Biblioteca Nacional de Agricultura - Binagri   (1983), v. 18(1-4) p. 121-129   29/11/2023 01 Periódicos Portaria Interministerial nº 164/94

BINAGRI

Telefone: (61)3218-2567/2388/3357/2097 - binagri@agro.gov.br

Ministério da Agricultura e Pecuária , Esplanada dos Ministérios, Bloco D, Anexo B, Brasília/DF, CEP: 70.043-900